Guess my top 10 favorite flags - Statistics

General Stats
  • This quiz has been taken 31 times
  • The average score is 8 of 10
Answer Stats
Picture Answer % Correct
Slovakia
96%
Barbados
92%
Antigua
79%
East Timor
79%
Tonga
79%
Papua New Guinea
75%
Solomon
75%
Vanuatu
75%
Namibia
71%
Saint Kitts
67%
No matching quizzes found
Score Distribution
Percent of People with Each Score
Percentile by Number Answered
Your Score History
You have not taken this quiz